MARC details
| 000 -CABECERA |
| campo de control de longitud fija |
03108nam a2200313 i 4500 |
| 001 - NÚMERO DE CONTROL |
| campo de control |
991061322328606706 |
| 005 - FECHA Y HORA DE LA ÚLTIMA TRANSACCIÓN |
| campo de control |
20250613080317.0 |
| 008 - DATOS DE LONGITUD FIJA--INFORMACIÓN GENERAL |
| campo de control de longitud fija |
250429e202502 spc|||| |||| 000 0 cat| |
| 015 ## - NÚMERO DE BIBLIOGRAFÍA NACIONAL |
| Número de bibliografía nacional |
LL2025 |
| Fuente |
bnc |
| 017 ## - NÚMERO DE COPYRIGHT O DE DEPÓSITO LEGAL |
| Número de copyright o de depósito legal |
DL B 1360-2025 |
| Agencia que asigna |
Biblioteca de Catalunya |
| 020 ## - NÚMERO INTERNACIONAL ESTÁNDAR DEL LIBRO |
| Número Internacional Estándar del Libro |
9788434438392 |
| 040 ## - FUENTE DE LA CATALOGACIÓN |
| Centro catalogador/agencia de origen |
ES-BaBC |
| Lengua de catalogación |
eng |
| Normas de descripción |
rda |
| Centro/agencia transcriptor |
ES-BaBC |
| 041 1# - CÓDIGO DE LENGUA |
| Código de lengua del texto/banda sonora o título independiente |
spa |
| 100 ## - ENTRADA PRINCIPAL--NOMBRE DE PERSONA |
| Nombre de persona |
Figueredo, Vincent M., |
| Término indicativo de función/relación |
author |
| 9 (RLIN) |
25411 |
| 240 10 - TÍTULO UNIFORME |
| Título uniforme |
Curious history of the heart. |
| Lenguaje de la obra |
Spanish |
| 245 13 - MENCIÓN DE TÍTULO |
| Título |
La Curiosa historia del corazón |
| Resto del título |
: un viaje cultural i científico |
| Mención de responsabilidad, etc. |
/ Vincent M. Figueredo ; traducción de Xavier Gaillard |
| 250 ## - MENCIÓN DE EDICIÓN |
| Mención de edición |
First edtion |
| 264 #1 - PRODUCCIÓN, PUBLICACIÓN, DISTRIBUCIÓN, FABRICACIÓN Y COPYRIGHT |
| Producción, publicación, distribución, fabricación y copyright |
[Barcelona] : |
| Nombre del de productor, editor, distribuidor, fabricante |
Ariel, |
| Fecha de producción, publicación, distribución, fabricación o copyright |
2025 |
| 300 ## - DESCRIPCIÓN FÍSICA |
| Extensión |
294 pages: |
| Otras características físicas |
illustrations ; |
| Dimensiones |
24 cm |
| 500 ## - NOTA GENERAL |
| Nota general |
Títol original: The Curious history of the heart : a cultural and scientific journey |
| 504 ## - NOTA DE BIBLIOGRAFÍA, ETC. |
| Nota de bibliografía, etc. |
Biblioggraphy |
| 520 ## - SUMARIO, ETC. |
| Sumario, etc. |
Un deslumbrante recorrido por el papel y el significado del corazón en la filosofía, la religión, la ciencia y el arte, desde la cuna de la civilización hasta la actualidad.<br/><br/>¿Qué misterios esconde el órgano más simbólico del cuerpo humano? ¿Por qué ha fascinado tanto a lo largo de la historia y sigue cautivándonos hoy en día? ¿Sabemos realmente todo lo que es capaz de hacer? Desde los albores de la humanidad, el corazón ha sido mucho más que un órgano: ha latido como emblema de amor, fuerza vital y sabiduría en culturas de todo el mundo. Aunque hoy comprendemos mejor su fisiología y su función médica, sigue intrigándonos como símbolo eterno de emociones y memorias. Vincent M. Figueredo nos invita a una travesía apasionante, desde antiguas creencias hasta los últimos avances científicos, revelando cómo este órgano define nuestra existencia y por qué continúa inspirándonos. Una exploración cautivadora para entender el corazón de una manera que nunca habías imaginado. |
| 520 ## - SUMARIO, ETC. |
| Sumario, etc. |
A dazzling journey through the role and meaning of the heart in philosophy, religion, science, and art — from the cradle of civilization to the present day.<br/><br/>What mysteries lie within the most symbolic organ of the human body? Why has it fascinated us throughout history and why does it continue to captivate us today? Do we truly understand everything it is capable of? Since the dawn of humanity, the heart has been far more than just an organ: it has pulsed as a symbol of love, life force, and wisdom in cultures across the globe. Although we now better understand its physiology and medical function, it still intrigues us as an eternal symbol of emotion and memory. Vincent M. Figueredo invites us on a thrilling journey, from ancient beliefs to the latest scientific breakthroughs, revealing how this organ shapes our very existence and why it continues to inspire us. A captivating exploration of the heart as you've never imagined it before. |
| 586 ## - NOTA DE PREMIOS |
| Nota de premios |
Winner of the Gold Award 2024, Nonfiction Book Awards. |
| 650 #0 - PUNTO DE ACCESO ADICIONAL DE MATERIA--TÉRMINO DE MATERIA |
| Término de materia o nombre geográfico como elemento de entrada |
Heart. |
| Subdivisión de forma |
Popular science books |
| 650 #0 - PUNTO DE ACCESO ADICIONAL DE MATERIA--TÉRMINO DE MATERIA |
| Término de materia o nombre geográfico como elemento de entrada |
Cardiology |
| Subdivisión general |
History |
| Subdivisión de forma |
Popular science books |
| 700 ## - ENTRADA AGREGADA--NOMBRE PERSONAL |
| Nombre de persona |
Gaillard Pla, Xavier, |
| Término indicativo de función/relación |
translator |
| 9 (RLIN) |
25413 |
| 942 ## - ELEMENTOS DE ENTRADA AGREGADA (KOHA) |
| Fuente del sistema de clasificación o colocación |
Clasificación de Library of Congress |